| 000 | 00409nam a22001697a 4500 | ||
|---|---|---|---|
| 003 | MACL | ||
| 005 | 20210928165334.0 | ||
| 008 | 210928b |||||||| |||| 00| 0 eng d | ||
| 040 | _cMACL | ||
| 082 | _a823/JOY | ||
| 100 |
_aJoyce,James _981183 |
||
| 245 | _aA Portrait of The Artist As A Young Man | ||
| 260 |
_aDELHI _bSudesh Sahitya Mandal _c2018 |
||
| 300 | _ap216 | ||
| 650 | _aStory | ||
| 942 |
_2ddc _cBK |
||
| 999 |
_c64449 _d64449 |
||